Statistics for WWE Ring Names

Click here to take the quiz!

General Stats

  • This quiz has been taken 1,026 times
  • The average score is 5 of 10

Answer Stats

HintAnswer% Correct
Mark CallowayThe Undertaker
86%
Paul LevesqueTriple H
81%
Philip BrooksCM Punk
65%
Paul WrightThe Big Show
62%
Michael HiggenbottomShawn Michaels
55%
Terry BelloaHulk Hogan
49%
Steve AndersonStone Cold Steve Austin
48%
David SmithBritish Bulldog
28%
Darren MatthewsWilliam Regal
11%
Sean Waltman123 Kid Ex Pak
2%

Score Distribution

Percentile by Number Answered

Percent of People with Each Score

Your Score History

You have not taken this quiz